| 000 | 01048nam a22002057a 4500 | ||
|---|---|---|---|
| 999 |
_c5456 _d5456 |
||
| 003 | AR-CdUCM | ||
| 008 | 190312b ||||| |||| 00| 0 spa d | ||
| 040 |
_aMUNICIPALIDAD PROVINCIAL DEL CUSCO _cBIBLIOTECA MUNICIPAL DEL CUSCO |
||
| 082 |
_a305.4 / _bP26 |
||
| 245 | _aParticipación económica y social de la mujer peruana / | ||
| 260 |
_aLima : _bUNICEF, Oficina de Area-Lima, _c1981. |
||
| 300 |
_a388 páginas ; _bcuadros ; _c21 cm. |
||
| 505 | _aContenido : Valor del trabajo de la mujer en el agro y en la producción domiciliaria para la industria de confecciones -- Evaluación del impacto de los programas de servicios básicos integrados en la mujer: en las comunidades campesinas de Puno y los pueblos jóvenes del Cono Sur -- Análisis y conclusiones del Seminario Nacional sobre "Participacón y Contribución de la Mujer en el Desarrollo". | ||
| 650 |
_aMujer _9143 |
||
| 650 |
_aParticipación social _916409 |
||
| 650 |
_aParticipación económica _916410 |
||
| 650 |
_aMujer peruana _916411 |
||
| 942 |
_2ddc _cLIBROS |
||
| 945 | _azta | ||